Guess (G)I-DLE MV From Screenshots - Statistics

General Stats
  • This quiz has been taken 55 times
  • The average score is 14 of 19
Answer Stats
Picture Answer % Correct
Nxde
96%
Tomboy
91%
Allergy
87%
Klaxon
87%
Super Lady
87%
Lion
85%
Hann
83%
Hwaa
83%
Senorita
83%
Queencard
80%
Oh My God
76%
I Do
72%
I Want That
72%
Latata
70%
Dumdi Dumdi
61%
Revenge
57%
Last Dance
43%
Miyeon - Drive
43%
Bloom
39%
No matching quizzes found
Score Distribution
Percent of People with Each Score
Percentile by Number Answered
Your Score History
You have not taken this quiz